Introduction to languages and the theory of computation (Record no. 163895)

MARC details
000 -LEADER
fixed length control field 00345nam a2200133Ia 4500
008 - FIXED-LENGTH DATA ELEMENTS--GENERAL INFORMATION
fixed length control field 231217s9999 xx 000 0 und d
041 ## - LANGUAGE CODE
Language code of text/sound track or separate title English
082 ## - DEWEY DECIMAL CLASSIFICATION NUMBER
Classification number 001.6424 MAR
100 ## - MAIN ENTRY--PERSONAL NAME
Personal name Martin, John C
245 #0 - TITLE STATEMENT
Title Introduction to languages and the theory of computation
260 ## - PUBLICATION, DISTRIBUTION, ETC.
Date of publication, distribution, etc. 1991
Name of publisher, distributor, etc. McGraw-Hill,
300 ## - PHYSICAL DESCRIPTION
Extent xvi+464
942 ## - ADDED ENTRY ELEMENTS (KOHA)
Koha item type Books
Holdings
Date last seen Total checkouts Full call number Accession number Cost, total (INR) price Price effective from Category Lost status Damaged status Department Withdrawn status Home library Current library Entry date Vendor Cost, normal purchase price Grants Billnumber Billdate Currency symbol Conversion rate Discount Old discount
26/01/2024   001.6424 MAR 7901 328.95 26/01/2024 Books     Central Library   Central Library Central Library 12/12/1995 Mega Books 387.00 CS 703 29/08/1998 RS 1 58.05 15

© For any Suggestions or Query, please contact the library staff @ librarian@pes.edu or Phone: +9180 2672 1983/ 2108.